| 000 | 00745nam a2200229Ia 4500 | ||
|---|---|---|---|
| 003 | OSt | ||
| 005 | 20230726144455.0 | ||
| 008 | 210716s2000 xx 000 0 und d | ||
| 020 | _a978817371288 | ||
| 040 | _cAIMIT LIBRARY | ||
| 041 | _aeng | ||
| 082 |
_a005.1 _21 _bDATN |
||
| 100 |
_aDatta, N. _9128398 |
||
| 245 |
_aComputer programming and numerical analysis: _bintegrated approach / _cBy N Datta. |
||
| 250 | _a1st ed. | ||
| 260 |
_aHyderabad : _bUniversities Press , _c2000. |
||
| 300 |
_axi,432p. ; _bPB _c24 cm. |
||
| 650 |
_aExpressions and assignment statements _9128399 |
||
| 650 |
_aFiles and general input output statements _9128400 |
||
| 650 |
_aErrors in numerical computation _9128401 |
||
| 942 |
_2ddc _cBK _e1st ed. _k005.1 DATN |
||
| 999 |
_c184074 _d184074 |
||